| 000 | 00505nam a22001577a 4500 | ||
|---|---|---|---|
| 082 |
_a624.18341 _bRAO _cD |
||
| 100 |
_aRao K . L _926908 |
||
| 245 |
_aCalculation design and testing of reinforced concrete _cK . L .Rao |
||
| 250 | _a3rd ed. | ||
| 260 |
_aIndia _bR.C. Patel Charotar Book Stall (W.R) India _cc 1961. |
||
| 300 |
_axv, 574 p. : _bill.; _c24 cm |
||
| 526 |
_a0 _b0 _c0 _d624_183410000000000_RAO |
||
| 526 |
_a0 _b0 _c0 _d624_183410000000000_RAO |
||
| 650 |
_aNUST / MCE _926909 |
||
| 942 |
_2ddc _cBK |
||
| 999 |
_c547045 _d547045 |
||